000 00758nam a22002537a 4500
001 50203
003 UA-OsUOA
005 20230112110203.0
007 ta
008 20071106b un ||||| |||| 00| 0 ukr d
020 _a966877020Х
040 _aUA-OsUOA
_bukr
_cUA-OsUOA
_dUA-OsUOA
041 _aukr
080 _a821.161.2:2-9
090 _a821.161.2:2-9
_bВ31
100 _aВербич В.
245 _aПід куполом спільного неба
_bесеї та діалоги
_cВіктор Вербич
260 _aЛуцьк
_bТвердиня
_c2006
300 _a244 с.
490 _aВолинь унікальна
650 7 _a82 Література. Літературознавство
_2UDC
942 _cBK
_2udc
955 _a2
999 _c336301
_d336301